[Event "Tournament of Champions Women 2018"]
[Site "Pleven"]
[Date "2018.05.14"]
[Round "1"]
[White "Nikolova, Adriana"]
[Black "Genova, Lyubka"]
[Result "1-0"]
[WhiteElo "2275"]
[BlackElo "2202"]
[Annotator "ChessBase"]
[PlyCount "71"]
[EventDate "2018.??.??"]
[EventCountry "BUL"]
[SourceTitle "playchess.com"]
[Source "ChessBase"]
[SourceQuality "1"]
[TimeControl "5400+30"]

1. e4 c5 2. Nf3 e6 3. c3 Nf6 4. e5 Nd5 5. d4 cxd4 6. cxd4 d6 7. Bc4 Be7 8. O-O O-O 9. Qe2 b6 10. Nbd2 Bb7 11. Ne4 dxe5 12. dxe5 Nd7 13. Bd2 Nc5 14. Nxc5 Bxc5 15. Ng5 Be7 16. Qg4 Qc7 17. Rfe1 Rac8 18. Rac1 Qd7 19. Bd3 Bxg5 20. Bxg5 Rxc1 21. Rxc1 Rc8 22. Rd1 Qc7 23. Re1 Qc5 24. Bd2 a5 25. a3 Qc6 26. Bh6 g6 27. h4 b5 28. h5 Qe8 29. hxg6 hxg6 30. Qh4 b4 31. axb4 axb4 32. Be4 Rc4 33. Rd1 b3 34. Rxd5 Bxd5 35. Qf6 Rc1+ 36. Kh2 1-0

[Event "Tournament of Champions Women 2018"]
[Site "Pleven"]
[Date "2018.05.14"]
[Round "1"]
[White "Radeva, Viktoria"]
[Black "Videnova, Iva"]
[Result "0-1"]
[WhiteElo "2275"]
[BlackElo "2345"]
[Annotator "ChessBase"]
[PlyCount "106"]
[EventDate "2018.??.??"]
[EventCountry "BUL"]
[SourceTitle "playchess.com"]
[Source "ChessBase"]
[SourceQuality "1"]
[TimeControl "5400+30"]

1. e4 c5 2. Nf3 e6 3. d4 cxd4 4. Nxd4 Nf6 5. Nc3 Nc6 6. Be2 Bb4 7. Nxc6 bxc6 8. Qd3 a5 9. e5 Nd5 10. Qg3 g6 11. O-O f5 12. h4 Be7 13. h5 g5 14. h6 Ba6 15. Bh5+ Kf8 16. Nxd5 cxd5 17. Rd1 g4 18. Rd4 Rg8 19. b3 d6 20. exd6 Bxd6 21. Bf4 Bxf4 22. Rxf4 Qf6 23. Re1 Qxh6 24. Bxg4 Rg6 25. Qf3 Bb7 26. Bh3 Rd8 27. Rd4 Rd7 28. Qc3 Kg8 29. a4 Qg7 30. Qe3 Re7 31. g3 Rg5 32. Bg2 Kf8 33. Rh4 h6 34. c4 Rg6 35. Qc5 Qc3 36. Re3 Qc1+ 37. Kh2 Kf7 38. Rf4 Rg5 39. Rh4 h5 40. Qxa5 Qb2 41. Qe1 d4 42. Re2 Qxb3 43. Bxb7 d3 44. Re3 Rxb7 45. Rd4 Qxa4 46. Rxe6 Qc2 47. Red6 Qe2 48. Qg1 h4 49. Rxd3 hxg3+ 50. Rxg3 Qh5+ 51. Kg2 Rxg3+ 52. Kxg3 Rb3+ 53. Kf4 Qh4+ 0-1

[Event "Tournament of Champions Women 2018"]
[Site "Pleven"]
[Date "2018.05.14"]
[Round "1"]
[White "Antova, Gabriela"]
[Black "Voiska, Margarita"]
[Result "1/2-1/2"]
[WhiteElo "2270"]
[BlackElo "2273"]
[Annotator "NA"]
[PlyCount "65"]
[EventDate "2018.??.??"]
[EventCountry "BUL"]
[SourceTitle "playchess.com"]
[Source "ChessBase"]
[SourceQuality "1"]
[TimeControl "5400+30"]

{[%evp 8,64,86,83,85,65,108,32767,32767,109,122,71,133,114,116,92,120,71,75,74,32767,32767,32767,32767,32767,32767,32767,32767,32767,32767,32767,32767,32767,32767,32767,32767,32767,32767,32767,32767,22,9,27,25,0,0,0,0,0,0,0,0,0,0,0,0,32767,0,7]} 1. d4 c5 2. d5 Nf6 3. c4 e5 4. e4 d6 5. Nc3 Be7 6. Be2 h5 {LiveBook: 6 Games A56: Czech Benoni} (6... Nbd7 7. Nf3 Nf8 8. h4 h6 9. Nh2 Bd7 10. a3 a6 11. Be3 Ng6 12. g3 O-O 13. h5 Nh8 14. b4 b6 15. f4 exf4 16. gxf4 {0-1 (49) Holt,C (2567)-Finegold,B (2483) chess.com INT 2017}) 7. Nf3 h4 8. h3 Nbd7 9. Be3 a6 (9... Nh5 $142) 10. Qd2 Nh5 $146 ({Predecessor:} 10... Nf8 11. Bg5 Ng6 12. O-O Nh5 13. Bxe7 Qxe7 14. a3 Ngf4 {1-0 (32) Comp Pandix-Van den Berg,A (2230) The Hague 1995}) 11. a3 g6 12. O-O-O Bf6 13. Rhg1 Nf4 14. Bf1 Nb6 15. Re1 g5 16. b3 Bd7 17. g3 hxg3 18. fxg3 Nxh3 19. Bxh3 Rxh3 20. Nxg5 Rh5 21. Rh1 Bg4 22. Rxh5 Bxh5 23. Nh7 Bg6 24. Nxf6+ Qxf6 25. Bg5 Qf3 26. Bh4 Kd7 27. Kb2 Re8 28. Re2 Kc7 29. Rf2 Qg4 30. Qe3 Nd7 31. a4 Rh8 32. a5 Rh5 $11 33. Qf3 1/2-1/2

[Event "Tournament of Champions Women 2018"]
[Site "Pleven"]
[Date "2018.05.14"]
[Round "1"]
[White "Velcheva, Maria"]
[Black "Salimova, Nurgyul"]
[Result "0-1"]
[WhiteElo "2233"]
[BlackElo "2260"]
[Annotator "NA"]
[PlyCount "82"]
[EventDate "2018.??.??"]
[EventCountry "BUL"]
[SourceTitle "playchess.com"]
[Source "ChessBase"]
[SourceQuality "1"]
[TimeControl "5400+30"]

{[%evp 8,81,-4,17,8,22,32767,17,20,32767,-14,-27,-28,-14,6,-11,-21,-16,-20,32767,19,0,32767,0,32767,0,32767,0,32767,32767,32767,32767,32767,32767,32767,-45,-29,-68,-35,-51,-39,-48,-53,32767,62,-107,32767,32767,-56,32767,-46,32767,32767,-62,32767,32767,32767,32767,32767,32767,32767,-2,-14,-402,-414,-417,-440,32767,-512,-500,-514,-557,-630,-1032,-1070,-29969]} 1. e4 e5 2. Bc4 Nf6 3. d3 c6 4. Nf3 d5 5. Bb3 Bb4+ {C24: Bishop's Opening: 2...Nf6} (5... Qc7 6. Nc3 dxe4 7. Nxe4 Nxe4 8. dxe4 Be7 9. Ng5 Bxg5 10. Bxg5 Na6 11. Be3 O-O 12. Qd2 Qe7 13. Qc3 {1-0 (27) Carlsen,M (2837)-Wang,Y (2690) Riadh 2017}) 6. Bd2 Bxd2+ 7. Qxd2 O-O {LiveBook: 10 Games} 8. Nc3 Re8 9. h3 $146 ({Predecessor:} 9. O-O Bg4 10. Qg5 Bxf3 11. gxf3 Na6 12. Rae1 Nc5 13. exd5 Nxb3 14. axb3 Nxd5 15. Qxd8 Raxd8 16. Nxd5 cxd5 {½-½ (42) Domanski,L (2121)-Kucza,K (2325) Krakow 2017}) 9... a5 10. a4 Na6 11. O-O Nc5 12. Ba2 dxe4 13. dxe4 Qxd2 14. Nxd2 Be6 15. Bxe6 Nxe6 16. Nc4 Nd4 17. Ne3 h5 18. Rfd1 Rad8 19. g3 h4 20. Kg2 g6 21. gxh4 Nh5 22. f3 Nf4+ 23. Kg3 Kg7 24. Rd2 Rh8 25. Rad1 {[#]} Rh7 (25... g5 $1 $17 {[%mdl 512]} 26. hxg5 Rxh3+ 27. Kg4 Nxf3 28. Rxd8 Nh2+ 29. Kf5 Ng6) 26. Ng2 $2 (26. Ng4 $1 $14 {keeps the upper hand.}) 26... Nxg2 27. Kxg2 Rdh8 28. Ne2 Ne6 29. Rd7 Nc5 30. Rc7 Rxh4 31. Ng1 Rb8 32. Kg3 Rhh8 33. b3 Rhd8 34. Rxd8 Rxd8 35. f4 $2 (35. h4 $1 $11) 35... exf4+ 36. Kf3 Rd2 37. Ne2 Rxc2 38. Nxf4 Rc3+ 39. Kg4 Rxb3 40. e5 Rb4 41. Kg5 Rxf4 0-1

[Event "Tournament of Champions Women 2018"]
[Site "Pleven"]
[Date "2018.05.14"]
[Round "1"]
[White "Gocheva, Rumiana"]
[Black "Raeva, Elitsa"]
[Result "0-1"]
[WhiteElo "2059"]
[BlackElo "2254"]
[Annotator "TA"]
[PlyCount "148"]
[EventDate "2018.??.??"]
[EventCountry "BUL"]
[SourceTitle "playchess.com"]
[Source "ChessBase"]
[SourceQuality "1"]

{[%evp 23,148,-37,-3,-22,-32,-58,-52,-33,-45,-42,16,-50,-41,-216,-207,-195,-214,-214,-215,-203,-206,-203,-122,-127,-131,-131,-129,-111,-83,-81,-78,-94,-100,-98,-97,-88,-85,-91,-88,-83,-65,-178,-156,-179,-144,-172,-141,-144,-138,-324,-315,-314,-316,-310,-316,-420,-417,-412,-404,-382,-303,-283,-277,-322,-276,-224,-202,-229,-233,-198,-193,-152,-74,-74,-74,-74,-74,-74,-72,-72,-67,-73,-68,-68,-68,-68,-68,-68,-68,-72,-68,-72,-68,-72,-68,-72,-67,-74,-74,-74,-74,-79,-75,-79,-74,-74,-74,-29983,-29984,-29984,-29984,-29983,-89,-29987,-29988,-29988,-29989,-29989,-29990,-29990,-29989,-29989,-74,-29995,-29989,-29996,-29990]} 1. e4 c5 2. Nf3 a6 3. g3 d6 4. Bg2 Nf6 5. Nc3 e6 6. d4 cxd4 7. Nxd4 Be7 8. O-O O-O 9. h3 Qc7 10. g4 Nc6 11. Nde2 b5 12. a3 Bb7 13. g5 {B80: Sicilian Scheveningen: 6 g3 and 6 Be3, including English Attack} (13. Ng3 Rfe8 14. g5 Nd7 15. f4 b4 16. Nce2 bxa3 17. Rxa3 d5 18. Rc3 dxe4 19. Nxe4 Bb4 20. Rg3 Rad8 {0-1 (43) Feygin,M (2488)-Palac,M (2561) Belgium 2014}) 13... Ne8 $146 ({Predecessor:} 13... Nd7 14. f4 Rfe8 15. h4 Rac8 16. Ng3 Bf8 17. h5 Nb6 18. g6 fxg6 19. hxg6 hxg6 20. Qg4 Qf7 {0-1 (39) Jensen,B (2319)-Sylvan,J (2360) Denmark 2017}) 14. f4 d5 $1 15. exd5 {Black is slightly better.} Bc5+ 16. Kh1 Rd8 ({Black should try} 16... Ne7 $15) 17. Qe1 ({White should play} 17. f5 $11) 17... exd5 18. Nxd5 $2 {[#]} ({Better is} 18. f5 $1 $15) 18... Rxd5 $1 $19 {[%mdl 512]} 19. Bxd5 Qd7 $1 {[%cal Rd7h3]} 20. Bg2 {aiming for Qc3.} Nd4 {( -> ...Qxh3+)} 21. Ng1 Bxg2+ 22. Kxg2 Nxc2 23. Qc3 Qd5+ 24. Nf3 Nxa1 25. b4 Ba7 {White must now prevent ...Nb3.} 26. Qxa1 f6 27. gxf6 Nxf6 {Strongly threatening ...Rc8.} 28. Qe5 Qa2+ 29. Qb2 Qxb2+ 30. Bxb2 Nd5 31. Kg3 Nxf4 32. Be5 (32. Rd1 $15) 32... Ng6 33. Bd6 Rd8 34. Bc5 Bb8+ 35. Kf2 Nf4 36. Be3 $2 (36. h4 $17) 36... Nxh3+ 37. Ke2 Nf4+ 38. Bxf4 Bxf4 {[%mdl 4096] Endgame KRB-KRN} 39. Ne1 g5 40. Ng2 Re8+ 41. Kf3 Be5 42. Kg4 h6 43. Ne3 Kg7 44. Kh5 Bf4 45. Nf5+ Kf6 $1 {[%cal Rf6f5]} 46. Nxh6 Rh8 47. Rd1 {[#]} g4 $1 {[%mdl 512]} 48. Kxg4 $17 Bxh6 {KRB-KR} 49. Rd6+ Ke5 50. Rxa6 Rg8+ 51. Kf3 Bc1 (51... Bf4 {feels hotter.} 52. a4 Rg3+ 53. Ke2 Ke4 54. Re6+ Kd5) 52. Rb6 Kd4 (52... Rf8+ {is interesting.} 53. Kg4 Bxa3 54. Rxb5+ Ke4 55. Rc5 Bb2) 53. Rxb5 Bxa3 54. Rb7 Rf8+ 55. Kg2 Kc4 56. b5 Bc5 57. Kg3 Rf6 58. Kg2 Bd4 59. Kg3 Kd3 60. Kg2 Ke4 61. Re7+ Kf4 62. Rh7 Rg6+ 63. Kf1 Kf3 {[%csl Gd4][%cal Rg6g1]} 64. Rh3+ Ke4 65. Rh4+ $2 {[%mdl 8192] [#]} (65. Rb3 $17) 65... Kd3 $1 {[%csl Gd4][%cal Rg6g1]} 66. Rh1 Be3 67. Ke1 Rg8 $2 (67... Rg4 68. b6 Rf4 69. Rh3 Rb4 70. Kf1 Rg4 71. Rh1 Bxb6 72. Ke1 Be3 73. Kf1 Kd2 74. Rh2+ Kd1 75. Rf2 Rg8 76. Rd2+ Bxd2 77. Kf2 Rf8+ 78. Kg3 Ke2 79. Kg4 Kf2 80. Kh5 Rg8 81. Kh4 Kf3 82. Kh5 Rg1 83. Kh4 Rh1#) 68. Kf1 $2 {[%mdl 8192]} (68. b6 $17) 68... Rg5 69. Ke1 Rxb5 {[%cal Rb5b1]} 70. Kf1 {[#]} Rg5 $1 71. Ke1 Rf5 72. Rh2 Rf6 $2 (72... Rc5 {mates} 73. Kf1 Rg5 74. Rh1 Rg4 75. Ke1 Rg6 76. Kf1 Kd2 77. Rh2+ Kd1 78. Rf2 Rg8 79. Rd2+ Bxd2 80. Kf2 Rf8+ 81. Kg3 Ke2 82. Kg4 Kf2 83. Kh5 Rg8 84. Kh4 Kf3 85. Kh5 Rg1 86. Kh4 Rh1#) 73. Rh1 $2 {[%mdl 8192]} (73. Rb2 $17) 73... Bd2+ 74. Kd1 Ra6 {Precision: White = 41%, Black = 72%.} 0-1

[Event "Tournament of Champions Women 2018"]
[Site "Pleven"]
[Date "2018.05.15"]
[Round "2"]
[White "Videnova, Iva"]
[Black "Antova, Gabriela"]
[Result "1-0"]
[WhiteElo "2345"]
[BlackElo "2270"]
[Annotator "TA"]
[PlyCount "111"]
[EventDate "2018.??.??"]
[EventCountry "BUL"]
[SourceTitle "playchess.com"]
[Source "ChessBase"]
[SourceQuality "1"]

{[%evp 23,111,-59,-62,-77,303,307,358,347,371,370,325,311,334,306,316,233,225,224,226,210,246,244,239,229,234,152,157,60,115,102,258,263,262,263,284,63,444,439,585,136,141,131,157,147,177,181,158,131,163,139,219,223,216,216,216,224,237,237,230,229,236,236,263,283,367,353,435,435,381,313,422,404,522,501,657,638,607,531,787,1059,1065,1076,1065,1016,700,707,554,481,972,946]} 1. e4 c5 2. Nf3 d6 3. d4 cxd4 4. Nxd4 Nf6 5. Nc3 a6 6. Bg5 e6 7. f4 h6 8. Bh4 Qb6 9. Qd2 Qxb2 10. Rb1 Qa3 11. e5 dxe5 {B97: Sicilian Najdorf: Poisoned Pawn} 12. fxe5 Nfd7 {LiveBook: 116 Games} (12... g5 13. exf6 gxh4 14. Be2 Qa5 15. O-O Nd7 16. Kh1 Qg5 17. Qe1 Nxf6 18. Nf3 Qg7 19. Ne5 {½-½ (35) Radjabov,T (2748)-Wojtaszek,R (2744) Shamkir 2018}) 13. Be2 Qa5 $2 {[%mdl 8192] [#]} (13... Be7 $17 {and life is bright.} 14. Bxe7 Qxe7) 14. Nxe6 $1 $18 {[%mdl 512] And now Nd5 would win.} g5 $146 (14... fxe6 15. Bh5+) ({Predecessor:} 14... Nxe5 15. Nxf8 Rxf8 16. O-O Nbc6 17. Rfe1 g5 18. Bf2 b5 19. Bf3 Be6 20. Rxe5 Nxe5 21. Bxa8 {1-0 (21) Ralys,V (1914)-Prigodin,R (1829) Nemencine 2010}) 15. Nxf8 Nxf8 16. Bf2 {aiming for Bb6.} Nbd7 17. h4 Rg8 18. hxg5 Rxg5 19. Nd5 Qxd2+ 20. Kxd2 Rxg2 21. Ke1 ({Don't do} 21. Rxh6 $6 Rxf2 22. Nc7+ Ke7 $16) 21... Ne6 22. Rxh6 {Threatens to win with Rh8+.} Kf8 23. Rb3 {Rbh3 is the strong threat.} b5 24. Bh4 Bb7 25. Bf3 (25. Be7+ $1 $16 Kg7 26. Rbh3 Bxd5 27. Rh7+ Kg8 28. Rh8+ Kg7 29. R3h7+ Kg6 30. Bd3+ f5 31. exf6+ Kg5 32. f7+ Kf4 33. Bd6+ Kg5 34. Rg8+ Kf6 35. Be7+ $1 {[%mdl 512]} Ke5 36. Rxg2 Bxg2 37. Rh5+ Kd4 38. Kd2) 25... Rg1+ (25... Rg6 $14 26. Rh8+ Kg7 27. Rxa8 Bxa8) 26. Kf2 $1 $16 {[%cal Rf2g1]} Rg8 $2 {[#]} (26... Rg6 $16 27. Rh8+ Kg7 28. Rxa8 Bxa8) 27. Ne7 $1 $18 Bxf3 28. Nxg8 Nxe5 29. Nf6 $2 ({Don't take} 29. Rxf3 $6 Kxg8 30. Rg3+ Ng6 $18) (29. Bf6 $18 Ng4+ 30. Kxf3 Nxh6 31. Nxh6) 29... Bb7 $2 {[%mdl 8192]} (29... Kg7 $1 $14 30. Rh7+ Kg6) 30. Rh8+ Kg7 31. Rxa8 $2 (31. Rh7+ $18 Kf8 32. Re3) 31... Bxa8 $16 32. Rg3+ Ng6 33. Nd7 Be4 34. Bf6+ Kh7 35. c3 Nef4 36. Bd4 Nd5 (36... Bc6 $16) 37. Rh3+ $18 Kg8 38. Nf6+ Nxf6 39. Bxf6 {[%mdl 4096] Endgame KRB-KBN} Kf8 40. a3 Bf5 41. Rh1 Ke8 {[#]} 42. Rd1 $1 {[%csl Gf6][%cal Rd1d8]} Bd7 43. Rd6 Nf4 44. Rxa6 Be6 45. Rd6 {[%csl Gf6][%cal Rd6d8]} Bd7 46. Rb6 Be6 47. Rxb5 Nd5 48. Bd4 {White is clearly winning.} Kd7 49. a4 {[%cal Ba3a4,Ba4a5][%mdl 32]} Kc6 50. Rb8 f6 51. a5 Kc7 52. Rb2 Bc8 53. c4 {[%cal Bc3c4,Bc4c5][%mdl 32]} Ne7 54. Bxf6 Nc6 55. Bc3 Ba6 (55... Kd6 $142 56. Rb6 Kc5) 56. c5 {Precision: White = 65%, Black = 36%.} 1-0

[Event "Tournament of Champions Women 2018"]
[Site "Pleven"]
[Date "2018.05.15"]
[Round "2"]
[White "Voiska, Margarita"]
[Black "Nikolova, Adriana"]
[Result "1-0"]
[WhiteElo "2273"]
[BlackElo "2275"]
[Annotator "TA"]
[PlyCount "54"]
[EventDate "2018.??.??"]
[EventCountry "BUL"]
[SourceTitle "playchess.com"]
[Source "ChessBase"]
[SourceQuality "1"]

{[%evp 9,54,8,7,24,12,10,20,0,0,0,0,2,33,35,42,45,52,37,52,29,107,110,104,102,124,132,140,114,265,102,224,223,254,255,308,319,571,383,548,543,538,389,688,687,802,781,819]} 1. Nf3 d5 2. g3 Nf6 3. Bg2 e6 4. d3 b5 (4... Be7 5. O-O O-O 6. Nbd2 Nc6 7. d4 a5 8. c3 b6 9. Re1 Bb7 10. e4 dxe4 11. Nxe4 Nxe4 12. Rxe4 Bf6 13. Re1 Ne7 14. Qc2 Bd5 {1-0 (42) Nakamura,H (2780)-Topalov,V (2749) Saint Louis 2017}) 5. c4 bxc4 6. dxc4 {A07: Réti Opening: New York and Capablanca Systems} c6 7. Qa4 $146 ({Predecessor:} 7. O-O Bd6 8. Nc3 O-O 9. Bg5 h6 10. Bxf6 gxf6 11. cxd5 cxd5 12. Nxd5 exd5 13. Qxd5 {1-0 (22) Petzold,T-Hufschild,M DDR 1988}) 7... Nfd7 8. Nbd2 {The position is equal.} Be7 9. O-O O-O 10. Qc2 f5 11. Nd4 Nf6 12. cxd5 cxd5 13. N2f3 Ne4 14. Bf4 Bd6 (14... g5 $11 {remains equal.} 15. Bc7 Qe8) 15. Bxd6 Nxd6 16. Rac1 Qf6 17. Qc7 $36 {[%mdl 2048] White is really pushing.} Rd8 18. Qa5 g5 $2 {[#]} (18... Nb7 $16 19. Qd2 Nd6) 19. Rxc8 $2 (19. Nxg5 $1 $18 {[%mdl 512] is more deadly.} Qxg5 20. Bxd5 $1 {[%mdl 512]} exd5 21. Qxd5+ Nf7 22. Qxa8) 19... Nxc8 {[#]} (19... Rxc8 $16 20. Nxg5 Nc6 21. Nxc6 Qxg5) 20. Nxg5 $1 $18 {[%mdl 512]} Nb6 (20... Qxg5 21. Nxe6) 21. Ngxe6 ({Less strong is} 21. Ndxe6 Nc6 $14) 21... Rd6 22. Qc5 Rd7 $2 (22... Qe5 {might work better.} 23. f4 Qe3+ 24. Rf2 Rxe6) 23. e3 Qe7 (23... Rf7 {was called for.} 24. Nf4 N8d7) 24. Qb5 Rd6 25. Nf4 a6 $2 (25... Qd7 26. a4 a5) 26. Qd3 Qd8 27. Nxf5 Rf6 {Precision: White = 74%, Black = 33%.} 1-0

[Event "Tournament of Champions Women 2018"]
[Site "Pleven"]
[Date "2018.05.15"]
[Round "2"]
[White "Salimova, Nurgyul"]
[Black "Raeva, Elitsa"]
[Result "1/2-1/2"]
[WhiteElo "2260"]
[BlackElo "2254"]
[Annotator "TA"]
[PlyCount "108"]
[EventDate "2018.??.??"]
[EventCountry "BUL"]
[SourceTitle "playchess.com"]
[Source "ChessBase"]
[SourceQuality "1"]

{[%evp 17,108,66,70,81,82,65,77,56,83,71,78,43,83,83,88,90,86,83,79,40,68,29,51,51,74,70,62,60,94,79,84,82,145,152,175,136,145,139,134,132,247,241,240,225,384,358,571,591,779,381,391,366,877,828,764,725,664,364,337,345,285,158,116,0,247,0,143,-1,41,41,268,244,216,0,0,-121,0,0,19,16,356,358,352,351,333,0,0,0,336,0,0,0,230]} 1. e4 e5 2. Nf3 Nc6 3. Bc4 Bc5 4. O-O d6 5. c3 {[%cal Bc2c3,Bc3d4][%mdl 32]} h6 6. d4 exd4 7. cxd4 Bb6 8. h3 Nf6 9. Nc3 O-O 10. Re1 {C56: Two Knights: 4 d4 exd4 5 0-0 Nxe4} (10. Be3 Nxe4 11. Nxe4 d5 12. Nf6+ Qxf6 13. Bxd5 Rd8 14. Bxc6 Qxc6 15. Qe2 Be6 16. Rfd1 Bd5 17. Ne5 Qe6 {0-1 (28) Elkholti,A (2268)-Haddouche,M (2492) Cairo 2015}) 10... Ne7 11. e5 $146 ({Predecessor:} 11. Bb3 c6 12. Bf4 Ng6 13. Bh2 Re8 14. Qc2 Nf8 15. Rad1 N6h7 16. d5 Ng5 17. Nxg5 Qxg5 {1-0 (64) Alvarez Alonso,A (1886)-Arnaiz Yanes,M (1936) Tenerife 2017}) 11... Ne8 12. Bf4 {White is better.} d5 13. Bd3 c6 14. b4 Nf5 15. Ne2 Nc7 16. Qc2 Nh4 17. Nxh4 Qxh4 18. Bg3 Qe7 19. Qb2 Ne6 20. f4 g6 21. Bf2 Bd7 22. Qd2 f6 {next ...fxe5 is good for Black.} 23. Be3 fxe5 24. fxe5 (24. Bxg6 $2 exf4 25. Nxf4 Nxf4 $19) 24... Ng5 (24... g5 $142) 25. Rf1 $1 $16 (25. Bxg6 $6 Qg7 $11) 25... Kh7 26. h4 Ne4 27. Bxe4 $1 dxe4 28. Bxh6 Rxf1+ (28... Rf5 $16 {might work better.}) 29. Rxf1 $18 Bg4 30. Be3 a5 $2 (30... Rf8 {was called for.} 31. Rxf8 Qxf8) 31. Ng3 axb4 (31... Rf8 $142 32. Rxf8 Qxf8 33. bxa5 Bd8) 32. Nxe4 Be6 33. Nf6+ (33. h5 $142 Rxa2 34. hxg6+ Kg7 35. Qe1) 33... Kh8 34. Bf2 {Threatening mate with Qh6+.} Qf8 $2 (34... Qg7 35. Qxb4 Bd8) 35. Qg5 Qg7 36. h5 Bf5 37. hxg6 Qxg6 38. Qh4+ Kg7 39. Nh5+ (39. Be3 $1 $18 Rxa2 40. Bh6+ Kf7 41. Bg5) 39... Kg8 $16 {[#]} 40. Nf6+ (40. d5 $1 $16 {[%mdl 512]} Rxa2 (40... cxd5 41. Nf6+) 41. Nf6+ Kg7 42. Qxb4 Bxf2+ 43. Rxf2 Ra1+ 44. Rf1 Rxf1+ 45. Kxf1 cxd5 46. Qxb7+ Qf7 47. Qxd5) 40... Kg7 $1 $18 41. Nh5+ (41. Be3 $1 $18 Rxa2 42. g4) 41... Kg8 $16 {[#]} 42. Ng3 (42. d5 $1 $16 {[%mdl 512]} Rxa2 (42... cxd5 43. Nf6+) 43. Nf6+ Kg7 44. Qxb4 Bxf2+ 45. Rxf2 Ra1+ 46. Rf1 Rxf1+ 47. Kxf1 cxd5 48. Qxb7+ Kh6 49. Qb6 (49. Qxd5 Qg3 $18)) 42... Bd3 (42... Bd8 $5 {[%cal Rd8h4]} 43. Qh2 Be6 $15) 43. Re1 {And now e6 would win.} Bc4 $2 ({But not} 43... Rxa2 $2 44. e6 $18) (43... Ba5 $14) 44. Ne4 Bd8 {[#]} (44... Rxa2 45. Nf6+ Kg7 46. Nh5+ Kh8 47. e6 $18) 45. Qh3 $2 ({White has to play} 45. Nf6+ $1 $18 Bxf6 46. exf6) 45... Be6 $11 46. Qf3 (46. Qh2 $11) 46... Bd5 ({Don't play} 46... Rxa2 $6 47. Nf6+ Kh8 48. d5 $11) (46... Bxa2 $17 {...Bd5 is the strong threat.} 47. Qd3 Bf7) 47. e6 Ra3 48. Qf4 {Threatens to win with Qb8.} Rxa2 $2 {[%mdl 8192]} (48... Be7 $1 $11 {and Black stays safe.}) 49. Qb8 $18 {White wants to mate with e7.} Bxe4 {[%csl Ge4][%cal Rg6g2]} 50. Qxd8+ Kg7 {[%csl Ge4][%cal Rg6g2]} 51. Qe7+ Kg8 {[%csl Ge4][%cal Rg6g2]} 52. Qd8+ Kg7 {[%csl Ge4][%cal Rg6g2]} 53. Qe7+ $2 (53. Qc7+ $18 Kg8 54. Qb8+ Kh7 55. Qh2+ Kg8 56. e7) 53... Kg8 $11 {[%csl Ge4][%cal Rg6g2] [#]} 54. Qd8+ $2 (54. Rxe4 $1 $11 {[%mdl 512]} Qxe4 55. Qf7+ Kh8 56. e7 Ra1+ 57. Kh2) 54... Kg7 {Precision: White = 47%, Black = 31%.} 1/2-1/2

[Event "Tournament of Champions Women 2018"]
[Site "Pleven"]
[Date "2018.05.15"]
[Round "2"]
[White "Velcheva, Maria"]
[Black "Radeva, Viktoria"]
[Result "1/2-1/2"]
[WhiteElo "2233"]
[BlackElo "2275"]
[Annotator "TA"]
[PlyCount "27"]
[EventDate "2018.??.??"]
[EventCountry "BUL"]
[SourceTitle "playchess.com"]
[Source "ChessBase"]
[SourceQuality "1"]

{[%evp 20,27,23,31,18,16,26,7,30,6]} 1. e4 c5 2. c3 d5 3. exd5 Qxd5 4. d4 e6 5. Nf3 Nf6 6. Be3 cxd4 7. cxd4 Bb4+ 8. Nc3 O-O 9. Be2 Nc6 10. O-O Bxc3 11. bxc3 b6 {B22: Sicilian: 2 c3} 12. c4 (12. Re1 Bb7 13. c4 Qd6 14. Rb1 Qc7 15. Qa4 Ng4 16. h3 Nxe3 17. fxe3 Ne7 18. Qc2 Qg3 19. Bd1 {½-½ (60) Stromboli,C (2311)-Rambaldi,F (2554) Civitanova Marche 2016}) 12... Qd6 13. h3 $146 ({Predecessor:} 13. Qd3 Bb7 14. Bg5 Rac8 15. Bxf6 gxf6 16. Qe4 Kh8 17. Qh4 Qe7 18. d5 exd5 19. cxd5 {1-0 (29) Pucovski,M (2300)-Bennett,D (2070) Novi Sad 2006}) 13... Bb7 14. Qa4 1/2-1/2

[Event "Tournament of Champions Women 2018"]
[Site "Pleven"]
[Date "2018.05.15"]
[Round "2"]
[White "Genova, Lyubka"]
[Black "Gocheva, Rumiana"]
[Result "1-0"]
[WhiteElo "2202"]
[BlackElo "2059"]
[Annotator "TA"]
[PlyCount "107"]
[EventDate "2018.??.??"]
[EventCountry "BUL"]
[SourceTitle "playchess.com"]
[Source "ChessBase"]
[SourceQuality "1"]

{[%evp 12,107,17,-1,30,0,10,-8,-8,0,-11,-9,118,115,126,121,116,109,132,120,97,94,232,229,224,238,247,237,235,235,266,266,250,254,275,245,245,221,311,322,285,215,300,305,394,362,376,347,454,460,439,446,495,485,433,423,487,501,489,464,456,0,427,346,520,409,400,402,399,393,548,325,719,688,990,979,845,917,830,757,703,505,1142,1048,1360,1256,1333,918,5133,4301,4461,5934,29985,29986,29986,29987,29987,29988]} 1. e4 c5 2. Nf3 Nc6 3. Bb5 Nf6 4. Nc3 Nd4 5. Bc4 d6 6. h3 {B30: Sicilian: 2...Nc6 3 Bb5, lines without ...g6} e6 7. O-O {LiveBook: 6 Games} Bd7 $146 ({Predecessor:} 7... Be7 8. d3 d5 9. Bb3 Nxb3 10. axb3 O-O 11. Bf4 b6 12. Re1 dxe4 13. dxe4 Qxd1 14. Rexd1 Bb7 15. Nd2 Rfd8 {½-½ (15) Sanders,I (2326)-Gormally,D (2504) England 2015}) 8. Re1 {White has an edge.} Be7 9. Nxd4 cxd4 10. Ne2 Nxe4 11. d3 Nxf2 (11... Nc5 $11) 12. Kxf2 $16 Bh4+ 13. Kg1 Bxe1 14. Qxe1 Qf6 15. Qb4 {[%mdl 1024] White has strong compensation.} Bc6 16. Qxd6 Rd8 (16... e5 $16 17. Qxf6 gxf6) 17. Qg3 $18 Qg6 {[#]} 18. Bf4 $1 O-O 19. Qxg6 hxg6 20. Be5 b5 21. Bb3 (21. Nxd4 Rxd4 22. Bxd4 bxc4 $16) 21... a5 22. a4 ({Resist} 22. Nxd4 $6 Rxd4 23. Bxd4 a4) ({Worse is} 22. Bxd4 a4 $11) 22... b4 23. Bxd4 Bd5 24. Bb6 Ra8 (24... Bxb3 $142 25. Bxd8 (25. cxb3 Rxd3 26. Bxa5 Rxb3 $11) 25... Rxd8) 25. Bxd5 exd5 26. d4 Rfe8 27. Nf4 Rec8 28. Bc5 Rd8 29. h4 Kh7 30. Re1 Rd7 31. Kf2 f6 32. Re7 Rxe7 33. Bxe7 Rc8 34. Bc5 Rd8 35. Ne6 Rc8 36. Nf4 Rd8 $1 37. Ke3 Kh6 (37... g5 {was necessary.}) 38. Kd3 g5 39. hxg5+ fxg5 40. Ne6 Rd7 41. Bf8 Kg6 $2 {[#]} (41... Kh5 42. Nxg7+ Kg4) 42. Bxb4 $1 {[%mdl 512] And now Nf8+ would win.} Kf5 (42... axb4 43. Nf8+) 43. Nc5 Ra7 44. Be1 Kg4 45. Nb3 Re7 46. Kd2 Kf4 (46... Rb7 $142 47. Kd3 g6 48. Bxa5 Ra7) 47. Nxa5 Ra7 48. b4 {[%cal Bb2b4,Bb4b5][%mdl 32]} Ke4 49. c3 g4 50. Nb3 Kf5 51. a5 {[%cal Ba4a5,Ba5a6][%mdl 32]} Ke6 52. b5 {White mates.} Kd7 53. Bg3 Kc8 54. a6 {Precision: White = 69%, Black = 27%.} 1-0